La sociedad global : (Record no. 10801)

MARC details
000 -LEADER
fixed length control field 00614nam a22001937a 4500
005 - DATE AND TIME OF LATEST TRANSACTION
control field 20250305163034.0
008 - FIXED-LENGTH DATA ELEMENTS--GENERAL INFORMATION
fixed length control field 250305b ||||| |||| 00| 0 spa d
020 ## - INTERNATIONAL STANDARD BOOK NUMBER
International Standard Book Number 950-29-0359-5
082 14 - DEWEY DECIMAL CLASSIFICATION NUMBER
Edition number 14
Classification number 306.3
100 1# - MAIN ENTRY--PERSONAL NAME
9 (RLIN) 3725
Personal name Chomsky, Noam
245 13 - TITLE STATEMENT
Title La sociedad global :
Remainder of title educación, mercado y democracia /
Statement of responsibility, etc Noam Chomsky y Heinz Dieterich
250 ## - EDITION STATEMENT
Edition statement 2a ed.
260 ## - PUBLICATION, DISTRIBUTION, ETC. (IMPRINT)
Place of publication, distribution, etc Buenos Aires :
Name of publisher, distributor, etc Oficina de Publicaciones CBC,
Date of publication, distribution, etc 1997
300 ## - PHYSICAL DESCRIPTION
Extent 181 p.
650 27 - SUBJECT ADDED ENTRY--TOPICAL TERM
9 (RLIN) 401
Topical term or geographic name as entry element GLOBALIZACION
Source of heading or term unescot
650 27 - SUBJECT ADDED ENTRY--TOPICAL TERM
9 (RLIN) 3789
Topical term or geographic name as entry element SOCIEDAD CONTEMPORÁNEA
Source of heading or term unescot
700 ## - ADDED ENTRY--PERSONAL NAME
9 (RLIN) 3726
Personal name Dieterich, Heinz
942 ## - ADDED ENTRY ELEMENTS (KOHA)
Source of classification or shelving scheme Dewey Decimal Classification
Item type Libro, folleto, traducción
980 ## - EQUIVALENCE OR CROSS-REFERENCE-SERIES STATEMENT--PERSONAL NAME/TITLE [LOCAL, CANADA]
Linkage 19226
Personal name Palazón Marcela I.
Field link and sequence number 19226
Miscellaneous information Palazón Marcela I.
Holdings
Withdrawn status Lost status Source of classification or shelving scheme Damaged status Not for loan Home library Current library Date acquired Full call number Barcode Date last seen Copy number Price effective from Koha item type Public note
    Dewey Decimal Classification     Biblioteca Central Biblioteca Central 05/03/2025 306.3 CHO UNAJ25030010 05/03/2025 2 05/03/2025 Libro, folleto, traducción subrayado con lapiz

Lunes a Viernes 8:30 a 19:00 hs. Cerrado por mudanza
Av.Calchaqui 6200 Florencio Varela (CP188) 2°piso Edificio Mosconi Aula 209-210
Mail: bibliotecacentralunaj@gmail.com  
Whatsapp(54 9)1122668024    ❔Pregunte a la bibliotecaria
© Universidad Nacional Arturo Jauretche | Secretaría Académica | Biblioteca Central UNAJ